| 000 | 00547nam a2200205Ia 4500 | ||
|---|---|---|---|
| 003 | OSt | ||
| 005 | 20230516112731.0 | ||
| 008 | 210423s2003 xx 000 0 und d | ||
| 020 | _a9780471159858 | ||
| 040 | _cAL | ||
| 041 | _aeng | ||
| 082 |
_a574.1925 _223 _bMARA |
||
| 100 |
_aMARANGONI (Alejandro G). _9105042 |
||
| 245 | _aEnzyme kinetics: a modern approach. | ||
| 260 |
_aNew Jersey _bJohn Wiley & Sons _c2003 |
||
| 300 |
_axiv,229 _bHB |
||
| 365 |
_b6857 _cINR |
||
| 906 | _aapproach. ; Enzyme ; kinetics: ; modern | ||
| 942 |
_2ddc _cBK |
||
| 999 |
_c164454 _d164454 |
||